[Event "Oberliga Ost-B 1819"]
[Site "Germany"]
[Date "2019.02.03"]
[Round "7.6"]
[White "Rolf, Marco"]
[Black "Will, Matthias"]
[Result "1/2-1/2"]
[WhiteElo "2045"]
[BlackElo "2002"]
[PlyCount "52"]
[EventDate "2018.10.21"]
[EventType "team-tourn"]
[EventRounds "11"]
[EventCountry "GER"]
[SourceTitle "EXT 2020"]
[Source "ChessBase"]
[SourceDate "2019.10.17"]
[SourceVersion "1"]
[SourceVersionDate "2019.10.17"]
[SourceQuality "1"]
[WhiteTeam "Gernsheim"]
[BlackTeam "Naumburg"]
[WhiteTeamCountry "GER"]
[BlackTeamCountry "GER"]

1. d4 f5 2. Nc3 Nf6 3. Bg5 d5 4. Bxf6 exf6 5. e3 Be6 6. Bd3 Nc6 7. Qf3 Qd7 8. Nge2 Ne7 9. Nf4 Bf7 10. Bb5 c6 11. Be2 Nc8 12. Nd3 b6 13. a4 a5 14. h4 h5 15. g3 Nd6 16. Nf4 Ne4 17. Nxe4 fxe4 18. Qg2 f5 19. f3 0-0-0 20. fxe4 dxe4 21. c4 Bb4+ 22. Kf2 g6 23. Rhd1 Qe7 24. Nh3 Rhe8 25. Rac1 c5 26. d5 Qe5 1/2-1/2

[Event "Albena Masters op"]
[Site "Albena"]
[Date "2013.06.02"]
[Round "2"]
[White "Will, Matthias"]
[Black "Kolesnikov, Aleksandr"]
[Result "1-0"]
[WhiteElo "2018"]
[BlackElo "1889"]
[PlyCount "85"]
[EventDate "2013.06.01"]
[EventType "swiss"]
[EventRounds "9"]
[EventCountry "BUL"]
[SourceTitle "CBM 154 Extra"]
[Source "ChessBase"]
[SourceDate "2013.06.25"]
[SourceVersion "2"]
[SourceVersionDate "2013.06.25"]
[SourceQuality "1"]

1. Nf3 Nc6 2. c4 e5 3. Nc3 Nf6 4. d3 Bb4 5. Bd2 Bxc3 6. Bxc3 d6 7. g3 0-0 8. Bg2 Re8 9. 0-0 d5 10. cxd5 Nxd5 11. Qb3 Be6 12. Qxb7 Qd7 13. Nxe5 Nxe5 14. Bxe5 Rab8 15. Qxa7 Bh3 16. e4 Nb4 17. Rfd1 Nc6 18. Qxc7 Qe6 19. Bc3 Rbc8 20. Qf4 Bg4 21. Rd2 Qd7 22. d4 Rc7 23. d5 Na7 24. a4 Rec8 25. f3 Bh3 26. Bxh3 Qxh3 27. d6 Rc6 28. d7 Rd8 29. Qg5 f6 30. Qd5+ Kh8 31. Ba5 Rg8 32. Qxg8+ Kxg8 33. d8Q+ Kf7 34. Qd7+ Kg6 35. Qxh3 Rc5 36. Rd5 Rxd5 37. exd5 h5 38. Rc1 Kh6 39. Bd2+ g5 40. Qf5 h4 41. Qxf6+ Kh7 42. Rc7+ Kg8 43. Qg7# 1-0

[Event "Albena Masters op"]
[Site "Albena"]
[Date "2012.05.26"]
[Round "1"]
[White "Enchev, Ivajlo"]
[Black "Will, Matthias"]
[Result "1-0"]
[WhiteElo "2419"]
[BlackElo "2031"]
[PlyCount "55"]
[EventDate "2012.05.26"]
[EventType "swiss"]
[EventRounds "9"]
[EventCountry "BUL"]
[SourceTitle "CBM 148 Extra"]
[Source "ChessBase"]
[SourceDate "2012.06.22"]
[SourceVersion "1"]
[SourceVersionDate "2012.06.22"]
[SourceQuality "1"]

1. d4 f5 2. g3 Nf6 3. Bg2 g6 4. c4 Bg7 5. Nf3 d6 6. 0-0 0-0 7. Nc3 c6 8. d5 Qe8 9. Nd4 c5 10. Nc2 Na6 11. Qd3 Ng4 12. f4 Bd7 13. a4 Nc7 14. b3 a5 15. Bd2 b6 16. Rae1 Qf7 17. e4 Rae8 18. h3 fxe4 19. Nxe4 Nh6 20. g4 Kh8 21. Ng5 Qf6 22. Ne6 Bxe6 23. dxe6 Ng8 24. g5 Qf5 25. Qxf5 Rxf5 26. Ne3 Bd4 27. Kh2 Bxe3 28. Rxe3 1-0

[Event "Oberliga Ost-A 1112"]
[Site "Germany"]
[Date "2012.04.14"]
[Round "10.2"]
[White "Rudolf, Sebastian"]
[Black "Will, Matthias"]
[Result "0-1"]
[WhiteElo "2218"]
[BlackElo "2023"]
[PlyCount "70"]
[EventDate "2011.09.25"]
[EventType "team-tourn"]
[EventRounds "11"]
[EventCountry "GER"]
[SourceTitle "EXT 2013"]
[Source "ChessBase"]
[SourceDate "2012.11.22"]
[SourceVersion "1"]
[SourceVersionDate "2012.11.22"]
[SourceQuality "1"]
[WhiteTeam "Dresden Gruen Weiss"]
[BlackTeam "Naumburg"]
[WhiteTeamCountry "GER"]
[BlackTeamCountry "GER"]

1. e4 Nf6 2. e5 Nd5 3. d4 d6 4. c4 Nb6 5. exd6 exd6 6. Nc3 Be7 7. h3 0-0 8. Nf3 Bf6 9. Be2 Re8 10. 0-0 Bf5 11. Bf4 Nc6 12. d5 Ne5 13. Nd4 Bg6 14. b3 h6 15. Be3 c5 16. dxc6 bxc6 17. Qd2 Qe7 18. Rfe1 c5 19. Nc2 Rad8 20. Rad1 a6 21. f4 Nc6 22. Bd3 Bxd3 23. Qxd3 Bxc3 24. Qxc3 d5 25. Bf2 Qd6 26. Rxe8+ Rxe8 27. cxd5 Nxd5 28. Qc4 Nce7 29. Bxc5 Qxf4 30. Qxa6 Nc3 31. Rf1 Qe4 32. Nd4 Qe3+ 33. Kh1 Ne4 34. Kh2 Nxc5 35. Qc4 Ne6 0-1

[Event "Oberliga Ost-A 1112"]
[Site "Germany"]
[Date "2012.01.14"]
[Round "6.2"]
[White "Kalkhof, Stefan"]
[Black "Will, Matthias"]
[Result "1/2-1/2"]
[WhiteElo "2191"]
[BlackElo "2023"]
[PlyCount "42"]
[EventDate "2011.09.25"]
[EventType "team-tourn"]
[EventRounds "11"]
[EventCountry "GER"]
[SourceTitle "EXT 2013"]
[Source "ChessBase"]
[SourceDate "2012.11.22"]
[SourceVersion "1"]
[SourceVersionDate "2012.11.22"]
[SourceQuality "1"]
[WhiteTeam "Leipzig VfB"]
[BlackTeam "Naumburg"]
[WhiteTeamCountry "GER"]
[BlackTeamCountry "GER"]

1. d4 f5 2. g3 Nf6 3. Bg2 g6 4. Nh3 Bg7 5. Nf4 d6 6. d5 e5 7. dxe6 c6 8. Nd2 0-0 9. e4 Nxe4 10. Nxe4 fxe4 11. 0-0 Qe7 12. Re1 d5 13. c4 Bxe6 14. cxd5 cxd5 15. Nxd5 Qf7 16. Nf4 Bxa2 17. Bxe4 Bb3 18. Qxb3 Qxb3 19. Bd5+ Qxd5 20. Nxd5 Nc6 21. Be3 Nd4 1/2-1/2

[Event "Reykjavik op"]
[Site "Reykjavik"]
[Date "2011.03.15"]
[Round "8"]
[White "Degtiarev, Evgeny"]
[Black "Will, Matthias"]
[Result "1-0"]
[WhiteElo "2368"]
[BlackElo "2047"]
[PlyCount "78"]
[EventDate "2011.03.09"]
[EventType "swiss"]
[EventRounds "9"]
[EventCountry "ISL"]
[SourceTitle "CBM 141 Extra"]
[Source "ChessBase"]
[SourceDate "2011.05.03"]
[SourceVersion "1"]
[SourceVersionDate "2011.05.03"]
[SourceQuality "1"]

1. e4 Nf6 2. e5 Nd5 3. c4 Nb6 4. a4 a5 5. d4 d6 6. exd6 exd6 7. Nc3 Nc6 8. Be2 Be7 9. Nf3 Bg4 10. b3 0-0 11. 0-0 Bf6 12. Be3 Ne7 13. h3 Bxf3 14. Bxf3 d5 15. c5 Nbc8 16. Qd3 c6 17. Rab1 Ng6 18. Bg4 Re8 19. f4 Nce7 20. b4 Nh4 21. bxa5 Nhf5 22. Bf2 g6 23. Rxb7 Qxa5 24. Rb6 Rab8 25. Rfb1 Qa7 26. Bf3 Bg7 27. g4 Nh6 28. f5 Qc7 29. Ne2 Ra8 30. Bg3 Qc8 31. Rb8 Rxb8 32. Rxb8 Qd7 33. Rxe8+ Qxe8 34. Bf4 Kh8 35. f6 Bxf6 36. Bxh6 g5 37. Qe3 Qg8 38. a5 Qg6 39. Bf8 Qb1+ 1-0

[Event "Reykjavik op"]
[Site "Reykjavik"]
[Date "2011.03.14"]
[Round "7"]
[White "Will, Matthias"]
[Black "Locci, Damiano"]
[Result "0-1"]
[WhiteElo "2047"]
[BlackElo "2177"]
[PlyCount "84"]
[EventDate "2011.03.09"]
[EventType "swiss"]
[EventRounds "9"]
[EventCountry "ISL"]
[SourceTitle "CBM 141 Extra"]
[Source "ChessBase"]
[SourceDate "2011.05.03"]
[SourceVersion "1"]
[SourceVersionDate "2011.05.03"]
[SourceQuality "1"]

1. d4 d5 2. Nf3 Nc6 3. c3 Bg4 4. Bf4 e6 5. Nbd2 Bd6 6. Bxd6 cxd6 7. e4 dxe4 8. Nxe4 Nf6 9. Nxf6+ Qxf6 10. Be2 0-0 11. 0-0 e5 12. d5 Ne7 13. Qa4 Bxf3 14. Bxf3 Ng6 15. Qg4 Qf4 16. Qxf4 Nxf4 17. Rad1 f5 18. g3 Ng6 19. Bh5 Ne7 20. f4 e4 21. Rd4 Rfc8 22. Bd1 b5 23. Bb3 Rab8 24. a3 a5 25. Kf2 Rc5 26. Rfd1 Kf7 27. g4 g6 28. h4 h5 29. gxh5 gxh5 30. Rg1 Rg8 31. Rxg8 Nxg8 32. a4 Nf6 33. Bd1 Kg6 34. Bb3 bxa4 35. Bxa4 Rxd5 36. Bc6 Rxd4 37. cxd4 Kf7 38. d5 Ke7 39. Ke3 Ng4+ 40. Ke2 Nh2 41. Kf2 Nf3 42. Kg3 Nd4 0-1

[Event "Reykjavik op"]
[Site "Reykjavik"]
[Date "2011.03.13"]
[Round "6.61"]
[White "Hauksdottir, Hrund"]
[Black "Will, Matthias"]
[Result "0-1"]
[WhiteElo "1554"]
[BlackElo "2047"]
[PlyCount "101"]
[EventDate "2011.03.09"]
[EventType "swiss"]
[EventRounds "9"]
[EventCountry "ISL"]
[SourceTitle "CBM 141 Extra"]
[Source "ChessBase"]
[SourceDate "2011.05.03"]
[SourceVersion "1"]
[SourceVersionDate "2011.05.03"]
[SourceQuality "1"]

1. e4 Nf6 2. Nc3 d5 3. exd5 Nxd5 4. Bc4 e6 5. Nf3 Nxc3 6. bxc3 Nc6 7. 0-0 Be7 8. d4 0-0 9. Bf4 Na5 10. Bd3 c5 11. Qe2 Re8 12. Qe4 g6 13. Qe5 Nc6 14. Qe3 Bd7 15. Ng5 cxd4 16. cxd4 Nb4 17. Ne4 Nd5 18. Qf3 Nxf4 19. Qxf4 Bc6 20. c3 Qd5 21. Qg3 f5 22. Nd2 Bd6 23. Qh3 b5 24. Rfe1 Bf4 25. Nb3 Rad8 26. Rad1 g5 27. Bf1 g4 28. Qd3 Rd7 29. Na5 a6 30. c4 bxc4 31. Qxc4 Qxc4 32. Bxc4 Bd5 33. Bxa6 Ra7 34. Bb5 Rc8 35. Nb3 Rc2 36. Nc5 Raxa2 37. Nd3 Bd6 38. Rc1 Rd2 39. Rcd1 Rdc2 40. Rc1 Rd2 41. Rcd1 Kg7 42. Nc1 Rxf2 43. Nxa2 Rxg2+ 44. Kf1 Rxh2 45. Re2 Rxe2 46. Bxe2 Bh2 47. Rc1 g3 48. Bd3 g2+ 49. Kf2 g1Q+ 50. Rxg1+ Bxg1+ 51. Kxg1 0-1

[Event "Oberliga Ost-A 0708"]
[Site "Germany"]
[Date "2007.11.03"]
[Round "2.2"]
[White "Escher, Thomas"]
[Black "Will, Matthias"]
[Result "1-0"]
[WhiteElo "2240"]
[BlackElo "2058"]
[PlyCount "61"]
[EventDate "2007.09.23"]
[EventType "team-tourn"]
[EventRounds "11"]
[EventCountry "GER"]
[SourceTitle "EXT 2009"]
[Source "ChessBase"]
[SourceDate "2008.11.26"]
[SourceVersion "1"]
[SourceVersionDate "2008.11.26"]
[SourceQuality "1"]
[WhiteTeam "Coswig"]
[BlackTeam "Naumburg"]
[WhiteTeamCountry "GER"]
[BlackTeamCountry "GER"]

1. d4 f5 2. c4 Nf6 3. Nc3 g6 4. f3 Bg7 5. e4 fxe4 6. fxe4 d6 7. Be2 Nc6 8. Nf3 Bg4 9. Ng5 Bxe2 10. Nxe2 Qd7 11. d5 Nd8 12. Nd4 0-0 13. 0-0 Qg4 14. Qd3 Nd7 15. Rxf8+ Nxf8 16. h3 Qh5 17. Ndf3 Be5 18. g4 Qh6 19. Nxe5 dxe5 20. Ne6 g5 21. Nxg5 Qh4 22. Kg2 Ng6 23. Nf3 Qf6 24. Bd2 Nf7 25. Rf1 Nf4+ 26. Bxf4 exf4 27. Qd4 e5 28. dxe6 Qxe6 29. e5 Rf8 30. Qxf4 Nh8 31. Qxf8+ 1-0

[Event "Oberliga Ost-A 0506"]
[Site "Germany"]
[Date "2005.12.11"]
[Round "4.2"]
[White "Feldmann, Michael"]
[Black "Will, Matthias"]
[Result "1/2-1/2"]
[WhiteElo "2154"]
[BlackElo "2041"]
[PlyCount "29"]
[EventDate "2005.11.13"]
[EventType "team-tourn"]
[EventRounds "11"]
[EventCountry "GER"]
[SourceTitle "EXT 2007"]
[Source "ChessBase"]
[SourceDate "2006.11.23"]
[SourceVersion "1"]
[SourceVersionDate "2006.11.23"]
[SourceQuality "1"]
[WhiteTeam "Halle USV II"]
[BlackTeam "Naumburg"]
[WhiteTeamCountry "GER"]
[BlackTeamCountry "GER"]

1. d4 f5 2. Nf3 Nf6 3. h3 d5 4. Bf4 e6 5. g4 Bd6 6. Be5 Bxe5 7. Nxe5 Nbd7 8. Qd3 Nxe5 9. dxe5 Ne4 10. Bg2 Qg5 11. Nd2 Qxd2+ 12. Qxd2 Nxd2 13. Kxd2 f4 14. h4 Ke7 15. Rac1 1/2-1/2